| 000 | 01458nam a22002297a 4500 | ||
|---|---|---|---|
| 003 | BJBSDDR | ||
| 005 | 20260330120454.0 | ||
| 007 | ta | ||
| 008 | 260330s2015 mx ||||| |||| 00| 0 spa d | ||
| 020 | _a9786070731495 | ||
| 040 |
_bspa _cBJBSDDR |
||
| 041 | _aspa | ||
| 050 | _bR953 2015 | ||
| 100 | 1 |
_aRushdie, Salman, _d1947- _926800 |
|
| 245 | 1 | 0 |
_aDos años, ocho meses y veintiocho noches / _cSalman Rushdie, Traductor Javier Calvo |
| 260 |
_aMéxico : _bEditorial Planeta Mexicana, _c2015 |
||
| 300 |
_a396 pages : _billustration ; _c23 cm. |
||
| 520 | _aÉsta es una fascinante novela que mezcla historia, mitología y amor eterno, una gran narración que muestra los monstruos que se liberan cuando la razón se rinde y el fanatismo reina. En un futuro próximo, después de una gran tormenta, la Era de la Extrañeza empieza. Un jardinero descubre que sus pies ya no tocan el suelo. Un dibujante de cómic se convierte en superhéroe. Un bebé identifica a los impuros marcando a los corruptos con erupciones en la piel. No saben que descienden de unas criaturas mágicas y caprichosas conocidas como jinn. Su mundo estaba separado del nuestro por un velo. Ahora este velo se ha roto y los elegidos deberán luchar en una batalla entre la luz y la oscuridad que durará dos años, ocho meses y veintiocho noches, es decir, mil noches y una más. | ||
| 700 | 1 |
_aCalvo Perales, Javier, _d1973- _95307 |
|
| 942 |
_2lcc _n0 _cBK |
||
| 946 | _icmc | ||
| 999 |
_c126722 _d126722 |
||